| 000 | 00000nam 2200000za 4500 |
| 001 | 9.816929 |
| 003 | CaOODSP |
| 005 | 20221107142346 |
| 007 | cr ||||||||||| |
| 008 | 160505s2003 onc #o f000 0 fre d |
| 040 | |aCaOODSP|bfre |
| 043 | |an-cn--- |
| 086 | 1 |aXC67-1/1-372-2F-PDF |
| 110 | 1 |aCanada. |bParlement. |bChambre des communes. |bComité permanent du développement des ressources humaines et de la condition des personnes handicapées. |
| 245 | 10|aPrendre les mesures nécessaires pour assurer l'intégrité du numéro d'assurance sociale |h[ressource électronique] : |bexamen du plan d'action. |
| 260 | |a[Ottawa : |bChambre des communes], |c2003. |
| 300 | |a18 p. |
| 490 | 1 |aRapport du Comité permanent du développement des ressources humaines et de la condition des personnes handicapées ; |v2e rapport, 2e session, 37e législature |
| 500 | |aPubli. aussi en anglais sous le titre : Taking the necessary measures to enhance the integrity of the social insurance number : a review of the action plan. |
| 500 | |a« Judi Longfield, députée, présidente. » |
| 500 | |a« Février 2003. » |
| 500 | |aTitre de la couv. |
| 500 | |a"Le Comité permanent du développement des ressources humaines et de la condition des personnes handicapées a l'honneur de présenter son deuxième rapport" --p.3. |
| 692 | 07|2gccst|aProtection des données |
| 692 | 07|2gccst|aNuméro d'assurance sociale |
| 775 | 08|tTaking the necessary measures to enhance the integrity of the social insurance number |w(CaOODSP)9.816901 |
| 830 | #0|aRapport du Comité permanent du développement des ressources humaines, du développement des compétences, du développement social et de la condition des personnes handicapées ;|v2e rapport, 2e session, 37e législature|w(CaOODSP)9.503393 |
| 856 | 40|qPDF|s296 Ko|uhttps://publications.gc.ca/collections/collection_2016/parl/xc67-1/XC67-1-1-372-2-fra.pdf |